000 01129cam a22003377a 4500
003 CHAP
005 20220329140155.0
008 971013s1951 r 00010 d
010 _a48059
011 _a49031
035 _a53179
040 _cCHAP
082 _a631.522
_bV38
100 0 0 _aVavilov, Nicolai Ivanovich.
_9118213
245 1 4 _aThe origin, variation inmunity and breeding of cultivated plants
260 _anew York :
_bRonald,
_c1951
300 _a357 p.
_b: ilus.
590 _aBATCH-UPD
_b10
_c20130110
_lUCH01
_h1114
590 _aBATCH-UPD
_b10
_c20130410
_lUCH01
_h0705
590 _aBATCH-UPD
_b10
_c20130914
_lUCH01
_h1918
590 _aCONVERSION
_b10
_c20130109
_lUCH01
_h1326
650 1 4 _aPlantas cultivadas.
_988921
650 1 4 _aPlantas
_xResistencia a enfermedades.
_988882
650 1 4 _aPlantas
_xResistencia a plagas.
_988885
650 1 4 _aTrigo.
_9114954
650 1 4 _aVariación (Botánica)
_9118141
901 _aBK
942 _cLIBRO
949 _a631.522 V38
_bBC
_cLIBRO
_d33724000160446
_eLIBRO
_h21720
_i53179
_si
949 _a631.522 V38
_bBC
_cLIBRO
_d33724000160487
_eLIBRO
_fc.2
_h21721
_i53179
_si
999 _c48059
_d48059